Normal view
MARC view
- Niyāzī, Sayyid Naz̲īr,
Entry Personal Name
001 - CONTROL NUMBER
- control field: 5565
003 - CONTROL NUMBER IDENTIFIER
- control field: NUST
005 - DATE AND TIME OF LATEST TRANSACTION
- control field: 20171023114707.0
008 - FIXED-LENGTH DATA ELEMENTS
- fixed length control field: 171023|| aca||aabn | a|a d
040 ## - CATALOGING SOURCE
- Original cataloging agency: NUST
- Transcribing agency: NUST
100 ## - HEADING--PERSONAL NAME
- Personal name: Niyāzī, Sayyid Naz̲īr,
- Dates associated with a name: 1900-1981.
670 ## - SOURCE DATA FOUND
- Source citation: Work cat.: (NUST)0: Niyāzī, Sayyid Naz̲īr, 1900-1981., Iqbāl ke ḥuz̤ūr :, 2007.
